000 00519nam a2200229Ia 4500
003 IT-RoPAU
008 120407s9999 xx 000 0 und d
040 _aIT-RoPAU
040 _cIT-RoPAU
041 _aita
100 _aRobert M. Grant
245 _aCristianesimo primitivo e società.
250 _aBrescia
260 _aPaideia
260 _c1987
300 _a209 p.
300 _c23 cm
490 _aBibl. di storia e storiografia dei tempi biblici,5
490 _v1
942 _cBK
999 _c28740
_d28740